Drapeau correct ou incorrect? #3 - Mort subite - Statistiques

Statistiques générales
  • Ce quiz a été pris 523 fois
  • Le résultat moyen est 2 sur 20
Answers on the Grid
Answers color-coded by a green-red scale on the quiz's grid according to % correct below.
 
Statistiques - réponses
Réponse % Correct
20%
20%
18%
18%
16%
16%
16%
16%
15%
12%
11%
10%
10%
9%
9%
7%
7%
7%
6%
5%
Aucun quiz correspondant
Distribution des résultats
% des personnes avec chaque résultat
Percentile par nombre de réponses
Votre historique - résultats
Vous n’avez pas pris ce quiz